000 00291nam a22001337a 4500
008 170213b xxu||||| |||| 00| 0 eng d
020 _a9781608310036
041 _aeng
080 _233RD
_a61
100 _a4
101 _aSHM
245 _aMEDICAL THERAPEUTICS
_cFOSTER, C
942 _2udc
_cBK
999 _c5212
_d5212